<?xml version="1.0" encoding="UTF-8"?>
<marc:record xmlns:marc="http://www.loc.gov/MARC21/slim">
   <marc:leader>00000nam a2200000 a 4500</marc:leader>
   <marc:datafield ind1="1" ind2=" " tag="100">
      <marc:subfield code="a">Germer, Christopher K.</marc:subfield>
      <marc:subfield code="4">aut</marc:subfield>
      <marc:subfield code="e">Verfasser/-in</marc:subfield>
   </marc:datafield>
   <marc:datafield ind1="1" ind2=" " tag="100">
      <marc:subfield code="a">Salzberg, Sharon</marc:subfield>
      <marc:subfield code="4">wpr</marc:subfield>
      <marc:subfield code="e">Writer of preface</marc:subfield>
   </marc:datafield>
   <marc:datafield ind1="1" ind2=" " tag="100">
      <marc:subfield code="a">Bendner, Christine</marc:subfield>
      <marc:subfield code="4">trl</marc:subfield>
      <marc:subfield code="e">Übersetzer/-in</marc:subfield>
   </marc:datafield>
   <marc:datafield ind1="1" ind2=" " tag="100">
      <marc:subfield code="a">Germer, Christopher K.</marc:subfield>
   </marc:datafield>
   <marc:datafield ind1=" " ind2=" " tag="653">
      <marc:subfield code="a">Selbstliebe</marc:subfield>
   </marc:datafield>
   <marc:datafield ind1=" " ind2=" " tag="653">
      <marc:subfield code="a">Achtsamkeit</marc:subfield>
   </marc:datafield>
   <marc:datafield ind1=" " ind2=" " tag="653">
      <marc:subfield code="a">Selbstmitgefühl</marc:subfield>
   </marc:datafield>
   <marc:datafield ind1=" " ind2=" " tag="653">
      <marc:subfield code="a">Depression</marc:subfield>
   </marc:datafield>
   <marc:datafield ind1=" " ind2=" " tag="653">
      <marc:subfield code="a">Gedanken</marc:subfield>
   </marc:datafield>
   <marc:datafield ind1=" " ind2=" " tag="653">
      <marc:subfield code="a">Gefühle</marc:subfield>
   </marc:datafield>
   <marc:datafield ind1=" " ind2=" " tag="653">
      <marc:subfield code="a">Psychologie</marc:subfield>
   </marc:datafield>
   <marc:datafield ind1=" " ind2=" " tag="653">
      <marc:subfield code="a">Softcover / Ratgeber/Lebenshilfe</marc:subfield>
   </marc:datafield>
   <marc:datafield ind1=" " ind2=" " tag="653">
      <marc:subfield code="a">Alltag/Lebensführung</marc:subfield>
   </marc:datafield>
   <marc:datafield ind1=" " ind2=" " tag="653">
      <marc:subfield code="a">Persönliche Entwicklung</marc:subfield>
   </marc:datafield>
   <marc:datafield ind1=" " ind2=" " tag="653">
      <marc:subfield code="a">Ratgeber</marc:subfield>
   </marc:datafield>
   <marc:datafield ind1="0" ind2="0" tag="245">
      <marc:subfield code="a">Der achtsame Weg zum Selbstmitgefühl</marc:subfield>
   </marc:datafield>
   <marc:datafield ind1="0" ind2="0" tag="245">
      <marc:subfield code="b">wie man sich von destruktiven Gedanken und Gefühlen befreit</marc:subfield>
   </marc:datafield>
   <marc:datafield ind1="0" ind2="0" tag="245">
      <marc:subfield code="c">Christopher Germer. Mit einem Vorw. von Sharon Salzberg. Übers. von Christine Bendner</marc:subfield>
   </marc:datafield>
   <marc:datafield ind1=" " ind2="1" tag="264">
      <marc:subfield code="a">Freiburg, Br.</marc:subfield>
      <marc:subfield code="b">Arbor Verlag</marc:subfield>
      <marc:subfield code="c">2015</marc:subfield>
   </marc:datafield>
   <marc:datafield ind1=" " ind2=" " tag="250">
      <marc:subfield code="a">1. Aufl.</marc:subfield>
   </marc:datafield>
   <marc:datafield ind1="1" ind2=" " tag="520">
      <marc:subfield code="a">Angaben aus der Verlagsmeldung

Der achtsame Weg zum Selbstmitgefühl : Wie man sich von destruktiven Gedanken und Gefühlen befreit / von Christopher Germer

Das Leben ist hart, vieles kann enorm schieflaufen. Oft schämen wir uns dann und werden selbstkritisch. Wir fragen uns: „Warum schaffe ich es nicht?“ oder „Warum ich?“. Vielleicht setzen wir auch alles daran, uns selbst wieder „in Ordnung zu bringen“, und machen damit alles nur noch schlimmer.

Doch wir können lernen, mit Kummer und Leid auf eine andere, gesündere Art und Weise umzugehen. Anstatt schwierigen Gefühlen mit erbittertem Widerstand zu begegnen, können wir unseren Schmerz anschauen, beobachten und mit Freundlichkeit und Verständnis darauf reagieren.

Das ist Selbstmitgefühl: Wenn wir uns so mitfühlend um uns selbst kümmern, wie wir es bei einem geliebten Menschen tun würden.

Bereits ein Augenblick, in dem wir mitfühlend und liebevoll mit uns selbst umgehen, kann unseren Tag verändern, und viele solcher
Momente können unserem Leben eine ganz neue Richtung geben. Die Befreiung aus der Falle destruktiver Gedanken und Gefühle durch Selbstmitgefühl kann unsere Selbstachtung von innen heraus stärken und sogar Depressionen und Ängste vertreiben.

Erfahren Sie, wie Sie sich dieses Mitgefühl und diese Liebe entgegenbringen können, wenn Sie sie am dringendsten brauchen: Wenn Sie vor Scham fast vergehen, wenn Sie vor Wut oder Angst die Fäuste ballen oder sich zu verletzlich fühlen, um ein weiteres Familientreffen zu überstehen.
</marc:subfield>
   </marc:datafield>
   <marc:datafield ind1=" " ind2=" " tag="020">
      <marc:subfield code="a">9783867811453</marc:subfield>
      <marc:subfield code="9">9783867811453</marc:subfield>
   </marc:datafield>
   <marc:datafield ind1=" " ind2=" " tag="300">
      <marc:subfield code="a">354 S.</marc:subfield>
   </marc:datafield>
</marc:record>
